Les 100 passereaux par image (oiseaux) - Statistiques

Statistiques générales
  • Ce quiz a été pris 39 fois
    38 depuis la dernière actualisation
  • Le résultat moyen est 21 sur 100
Statistiques - réponses
Par images Réponse % Correct
Mésange bleue
97%
Mésange charbonnière
83%
Pie bavarde
77%
Pinson des arbres
77%
Chardonneret élégant
73%
Merle noir
67%
Choucas des tours
63%
Etourneau sansonnet
63%
Grive musicienne
63%
Moineau domestique
63%
Troglodyte mignon
63%
Sittelle torchepot
60%
Corbeau freux
57%
Alouette des champs
53%
Bergeronnette grise
53%
Orite à longue queue
53%
Grimpereau des jardins
50%
Gros-bec casse-noyaux
50%
Hirondelle rustique
50%
Cardinal rouge
47%
Loriot d'Europe
47%
Roitelet huppé
47%
Rougegorge familier
47%
Cincle plongeur
43%
Jaseur boréal
43%
Pie-grièche eccorcheur
40%
Bruant zizi
37%
Panure à moustaches
37%
Cassenoix moucheté
33%
Geai bleu
33%
Serin cini
33%
Accenteur mouchet
30%
Gobemouche gris
30%
Linotte mélodieuse
30%
Tarier des prés
30%
Pouillot fitis
27%
Tichodrome échelette
27%
Traquet motteux
27%
Pipit farlouse
23%
Bouscarle de Cetti
20%
Fauvette mélanocéphale
20%
Rémiz penduline
20%
Bruant des neiges
17%
Cisticole des joncs
17%
Niverolle alpine
17%
Phragmite des joncs
17%
Paruline jaune
13%
Léiothrix jaune
10%
Coq-de-roche orange
7%
Locustelle luscinoïde
7%
Astrild ondulé
3%
Carouge à épaulettes
3%
Cassican flûteur
3%
Diamant de Gould
3%
Hypolais bottée
3%
Junco ardoisé
3%
Ménure superbe
3%
Paradisier royal
3%
Tisserin gendarme
3%
Tyran gris
3%
Veuve dominicaine
3%
Acanthize mignon
0%
Bagadais casqué
0%
Brève grenat
0%
Bulbul orphée
0%
Capucin damier
0%
Choucador superbe
0%
Cubla boule-de-neige
0%
Dromoïque du désert
0%
Drongo brillant
0%
Esclave palmiste
0%
Eurylaime vert
0%
Foudi rouge
0%
Fournier roux
0%
Gralline pie
0%
Grimpar nasican
0%
Guit-guit émeraude
0%
Irène vierge
0%
Jardinier satiné
0%
Manakin filifère
0%
Méliphage à oreillons bleus
0%
Mérion leucoptère
0%
Minivet mandarin
0%
Moqueur polyglotte
0%
Paradisier grand-émeraude
0%
Passerin nonpareil
0%
Percefleur moustachu
0%
Picatharte de Guinée
0%
Piqueboeuf à bec jaune
0%
Porte-éventail royal
0%
Rossignol progné
0%
Souimanga siparaja
0%
Tchitrec des Mascareignes
0%
Travailleur à bec rouge
0%
Tyran quiquivi
0%
Vacher luisant
0%
Verdin de Jerdon
0%
Viréo aux yeux blanc
0%
Xenique grimpeur
0%
Zostérops jaune
0%
Aucun quiz correspondant
Distribution des résultats
% des personnes avec chaque résultat
Percentile par nombre de réponses
Votre historique - résultats
Vous n’avez pas pris ce quiz depuis la dernière actualisation